| 000 | 00377nam a22001457a 4500 | ||
|---|---|---|---|
| 003 | OSt | ||
| 008 | 250611b |||||||| |||| 00| 0 eng d | ||
| 020 | _a9789386956811 | ||
| 100 | _aPARBHUPAADH, Krishankrpamurti | ||
| 245 | _aSrimadbhagabatam Canto 3 Bhag 2 | ||
| 260 |
_aMumbai _b The Bhaktivedanta Book Trust _c2021 |
||
| 300 | _a703 | ||
| 650 | _aGeneral | ||
| 942 |
_2ddc _cBK |
||
| 999 |
_c13650 _d13650 |
||